Metal-support and metal-additive effects in catalysis : proceedings of an international symposium /

Guardado en:
Autores Corporativos: International Symposium on Metal-Support and Metal-Additive Effects in Catalysis. Ecully, France), Centre National de la Recherche Scientifique (France)
Otros Autores: Imelik, B., (Editor , ed.)
Formato: Libro
Idioma:English
French
Publicado: Amsterdam : Elsevier Scientific Pub. Co., 1982.
Series:Studies in surface science and catalysis ; 11
Materias:
Etiquetas: Agregar Etiqueta
Sin Etiquetas, Sea el primero en etiquetar este registro!
LEADER 01353cam a2200289 a 4500
001 EIQ.libpla000745
008 821217s1982####ne#ao####b####100#0#eng##
005 20060504181326.0
245 1 0 |a Metal-support and metal-additive effects in catalysis :  |b proceedings of an international symposium /  |c organized by the Institut de recherches sur la catalyse, CNRS, Villeurbanne and sponsored by the Centre national de la recherche scientifique, Ecully (Lyon), September 14-16, 1982 ; editors, B. Imelik ... [et al.]. 
260 |a Amsterdam :  |b Elsevier Scientific Pub. Co.,  |c 1982. 
300 |a xii, 384 p. :  |b il., fotos ;  |c 25 cm. 
440 0 |a Studies in surface science and catalysis ;  |v 11 
500 |a Inglés o francés. 
504 |a Incluye referencias bibliográficas. 
020 |a 0444421114 
111 2 |a International Symposium on Metal-Support and Metal-Additive Effects in Catalysis.  |d (1982 :  |c Ecully, France) 
700 1 |a Imelik, B.,  |e ed.  |4 edt 
710 2 |a Centre National de la Recherche Scientifique (France) 
082 0 0 |a 541.3/95  |2 19 
650 0 |a Catálisis  |x Congresos. 
650 0 |a Catalizadores metálicos  |x Congresos. 
650 0 |a Metal catalysts  |x Congresses. 
650 0 |a Catalysis  |x Congresses. 
010 |a  82214056  
040 |a DLC  |c DLC  |d AR-BbSID 
041 0 |a eng  |a fre 
859 |a AR-BbSID  |b BIB. PLAPIQUI  |h 541.395  |i S 1  |p 2388